书目信息 |
| 题名: |
怎样学习语言文学
|
|
| 作者: | 乔默 , 江溶 编 | |
| 分册: | ||
| 出版信息: | 北京 中国青年出版社 1983 |
|
| 页数: | 226页 | |
| 开本: | 19cm | |
| 丛书名: | 治学谈小丛书 | |
| 单 册: | ||
| 中图分类: | I045 , G79 | |
| 科图分类: | ||
| 主题词: | 文学语言 , 教育--类型 | |
| 电子资源: | ||
| ISBN: | ||
| 000 | 00756nam0 2200289 45 | |
| 001 | 0183003175 | |
| 005 | 20131015145450.14 | |
| 010 | @dCNY0.56 | |
| 091 | @a7009.309 | |
| 100 | @a19950629d1983 em y0chiy0121 ea | |
| 101 | 0 | @achi |
| 102 | @aCN@b110000 | |
| 105 | @ay z 000yy | |
| 200 | 10 | @a怎样学习语言文学@Azen yang xue xi yu yan wen xue@f江溶,乔默编@FJiang Rong,Qiao Mo Bian |
| 210 | @a北京@c中国青年出版社@d1983 | |
| 215 | @a226页@d19cm | |
| 225 | @a治学谈小丛书 | |
| 410 | @12001 @a治学谈小丛书 | |
| 606 | 0 | @a文学语言 |
| 606 | 0 | @a教育@x类型 |
| 690 | @aI045@v3 | |
| 690 | @aG79@v4 | |
| 701 | 0 | @a乔默@4编 |
| 701 | 0 | @a江溶@4编 |
| 801 | 2 | @aCN@bNLC@c20051025 |
| 801 | 0 | @aCN@b上海图书馆@c20031217 |
| 905 | @dG79@e40@f1@b100901 | |
| 怎样学习语言文学/江溶,乔默编.-北京:中国青年出版社,1983 |
| 226页;19cm.-(治学谈小丛书) |
| ISBN :CNY0.56 |
| ● |
| 相关链接 |
|
|
|
|
正题名:怎样学习语言文学
索取号:G79/40
 
预约/预借
| 序号 | 登录号 | 条形码 | 馆藏地/架位号 | 状态 | 备注 |
| 1 | 0100901 | 002018676 | 第四借阅区/ [索取号:G79/40] | 在馆 | |
| 2 | 0100904 | 000906176 | 密集书库/ [索取号:G79/40] | 在馆 |